00246nam a2200109 a 4500008004100000050001600041100002200057245002800079260000900107300001100116350000900127120416s1970 xx |||||||||||||| || u aNA 2800 Law aLawrence, Anita B10aArchitectural acoustics c1970 a: ill. a0.00